[Event "Oran zt 4.1"]
[Site "Oran"]
[Date "2019.04.28"]
[Round "4"]
[White "Zaibi, Amir"]
[Black "Fellah, Mohamed Amine"]
[Result "1-0"]
[WhiteElo "2395"]
[BlackElo "2088"]
[PlyCount "72"]
[EventDate "2019.04.25"]
[EventType "tourn"]
[EventRounds "9"]
[EventCountry "ALG"]
[SourceTitle "CBM 190 Extra"]
[Source "ChessBase"]
[SourceDate "2019.07.15"]
[SourceVersion "1"]
[SourceVersionDate "2019.07.15"]
[SourceQuality "1"]

1. e4 c5 2. Nf3 e6 3. Nc3 Nc6 4. d4 cxd4 5. Nxd4 Qb6 6. Ndb5 Bc5 7. Qd2 Nd4 8. Nxd4 Bxd4 9. Nb5 Bc5 10. b4 Be7 11. Qc3 Kf8 12. e5 Qc6 13. Rb1 a6 14. Qxc6 dxc6 15. Nc3 b5 16. Be3 a5 17. a3 axb4 18. axb4 f6 19. f4 Nh6 20. Bd3 Ra3 21. Bd2 Kf7 22. 0-0 Bd7 23. Ne4 Rha8 24. Be3 Nf5 25. Bc5 Bc8 26. Rbe1 R3a4 27. g4 Nh4 28. f5 exf5 29. Nd6+ Bxd6 30. exd6 Be6 31. gxf5 Bd5 32. Re7+ Kg8 33. d7 Bf7 34. Be4 R4a6 35. Rd1 Rd8 36. Rd6 h5 1-0

[Event "ALG Cup"]
[Site "Blida et Alger"]
[Date "2016.10.14"]
[Round "6.1"]
[White "Fellah, Mohamed Amine"]
[Black "Zaibi, Amir"]
[Result "0-1"]
[WhiteElo "2073"]
[BlackElo "2375"]
[PlyCount "78"]
[EventDate "2016.10.12"]
[EventType "k.o."]
[EventRounds "14"]
[EventCountry "ALG"]
[SourceTitle "EXT 2024"]
[Source "ChessBase"]
[SourceDate "2023.10.10"]
[SourceVersion "1"]
[SourceVersionDate "2023.10.10"]
[SourceQuality "1"]

1. e4 c5 2. Nf3 e6 3. d4 cxd4 4. Nxd4 Nc6 5. Nc3 Qc7 6. Be3 a6 7. Bd3 Ne5 8. Qe2 b5 9. 0-0 Nf6 10. h3 b4 11. Nb1 Bb7 12. Nd2 d5 13. Bf4 Bd6 14. Bg5 Nxe4 15. Nxe4 dxe4 16. Bxe4 Bxe4 17. Qxe4 0-0 18. Rad1 Ng6 19. Rfe1 Bh2+ 20. Kh1 Be5 21. Rd3 Rac8 22. c3 Bxd4 23. cxd4 Qc2 24. Rd2 Qxe4 25. Rxe4 h6 26. Be3 Ne7 27. f4 Rc1+ 28. Kh2 Re1 29. Kg3 Rc8 30. Re5 Nd5 31. Bf2 Ra1 32. f5 Rc6 33. fxe6 fxe6 34. Kg4 Rxa2 35. Kh5 Ra1 36. Bg3 Rf1 37. Bf2 b3 38. g3 Kf7 39. Ree2 Nf6+ 0-1

[Event "ALG-ch"]
[Site "Algiers"]
[Date "2016.01.18"]
[Round "4"]
[White "Oussedik, Mahfoud"]
[Black "Fellah, Mohamed Amine"]
[Result "1-0"]
[WhiteElo "2255"]
[BlackElo "2090"]
[PlyCount "81"]
[EventDate "2016.01.16"]
[EventType "swiss"]
[EventRounds "9"]
[EventCountry "ALG"]
[SourceTitle "CBM 170 Extra"]
[Source "ChessBase"]
[SourceDate "2016.02.25"]
[SourceVersion "1"]
[SourceVersionDate "2016.02.25"]
[SourceQuality "1"]

1. c4 Nf6 2. Nc3 c5 3. g3 Nc6 4. Bg2 d6 5. e3 g6 6. Nge2 Bg7 7. 0-0 0-0 8. a3 Rb8 9. Rb1 Bf5 10. d3 Ne5 11. e4 Bd7 12. b4 cxb4 13. axb4 Ne8 14. f4 Ng4 15. h3 Nh6 16. Be3 a6 17. b5 axb5 18. Nxb5 Nc7 19. Bb6 Bxb5 20. Rxb5 Qc8 21. Rb1 Ne6 22. Ba7 Ra8 23. Be3 Nc5 24. d4 Nd7 25. Qb3 Ra6 26. g4 Kh8 27. e5 Rb6 28. Qa2 Ng8 29. Rfc1 g5 30. Rxb6 Nxb6 31. fxg5 dxe5 32. d5 Na8 33. Ng3 Rd8 34. c5 Nc7 35. Nf5 Nxd5 36. Bxd5 e6 37. Nd6 Qc7 38. Be4 b6 39. Rf1 f5 40. Qxe6 Rxd6 41. Qxd6 1-0

[Event "Algiers Algerian Cup"]
[Site "Algiers"]
[Date "2015.11.01"]
[Round "5"]
[White "Fellah, Mohamed Amine"]
[Black "Nassr, Ali"]
[Result "0-1"]
[WhiteElo "2059"]
[BlackElo "2204"]
[PlyCount "54"]
[EventDate "2015.10.30"]
[EventType "swiss"]
[EventRounds "6"]
[EventCountry "ALG"]
[SourceTitle "EXT 2017"]
[Source "ChessBase"]
[SourceDate "2016.10.25"]
[SourceVersion "1"]
[SourceVersionDate "2016.10.25"]
[SourceQuality "1"]

1. e4 c5 2. Nf3 Nc6 3. d4 cxd4 4. Nxd4 e5 5. Nb5 d6 6. N1c3 a6 7. Na3 b5 8. Nd5 Nf6 9. Bg5 Qa5+ 10. Bd2 Qd8 11. Bg5 Qa5+ 12. Bd2 Qd8 13. Nxf6+ Qxf6 14. c4 Qg6 15. f3 Be7 16. cxb5 Bh4+ 17. g3 Bxg3+ 18. hxg3 Qxg3+ 19. Ke2 Nd4+ 20. Ke3 f5 21. Be1 Qf4+ 22. Kd3 fxe4+ 23. fxe4 Bg4 24. Qd2 Qf3+ 25. Kc4 Be6+ 26. Kb4 a5+ 27. Ka4 Bb3+ 0-1

[Event "Algiers op 3rd"]
[Site "Algiers"]
[Date "2015.02.25"]
[Round "5"]
[White "Belouadah, Saad"]
[Black "Fellah, Mohamed Amine"]
[Result "1-0"]
[WhiteElo "2330"]
[BlackElo "2027"]
[PlyCount "125"]
[EventDate "2015.02.22"]
[EventType "swiss"]
[EventRounds "9"]
[EventCountry "ALG"]
[SourceTitle "CBM 165 Extra"]
[Source "ChessBase"]
[SourceDate "2015.04.21"]
[SourceVersion "1"]
[SourceVersionDate "2015.04.21"]
[SourceQuality "1"]

1. d4 Nf6 2. Nf3 g6 3. g3 Bg7 4. Bg2 0-0 5. c4 d6 6. 0-0 Nbd7 7. Nc3 e5 8. b3 Re8 9. e3 exd4 10. Nxd4 a6 11. Bb2 Ne5 12. h3 Rb8 13. Qc2 Bd7 14. Rad1 Qe7 15. Rfe1 h5 16. Nd5 Qd8 17. Nxf6+ Bxf6 18. c5 d5 19. f4 Nc6 20. Bxd5 Ne7 21. Bg2 Qc8 22. Kh2 Bg7 23. Nf3 Bc6 24. e4 Rf8 25. Bxg7 Kxg7 26. Qb2+ Kh6 27. Qf6 Ng8 28. Qg5+ Kh7 29. f5 Qe8 30. Qf4 Qe7 31. g4 hxg4 32. hxg4 Qxc5 33. Kg3 Kg7 34. Rh1 f6 35. Qxc7+ Qe7 36. Qxe7+ Nxe7 37. Nd4 Bd7 38. fxg6 Nxg6 39. Nf5+ Bxf5 40. exf5 Ne5 41. Rc1 Rfd8 42. Rc7+ Rd7 43. Rhc1 Rbd8 44. Bxb7 Kh6 45. Rxd7 Rxd7 46. Bxa6 Ra7 47. Rh1+ Kg7 48. Bc8 Rxa2 49. Rf1 Rd2 50. Be6 Rd3+ 51. Kf4 Rd4+ 52. Ke3 Rxg4 53. Ra1 Kh6 54. Ra8 Rb4 55. Rg8 Kh7 56. Rg2 Nc6 57. Kd3 Rh4 58. Kc3 Nd8 59. Rg3 Rf4 60. b4 Nc6 61. b5 Na7 62. Bd7 Nxb5+ 63. Bxb5 1-0

[Event "Algiers op 3rd"]
[Site "Algiers"]
[Date "2015.02.25"]
[Round "6"]
[White "Fellah, Mohamed Amine"]
[Black "Hamira, Abdelatif"]
[Result "1-0"]
[WhiteElo "2027"]
[BlackElo "1919"]
[PlyCount "87"]
[EventDate "2015.02.22"]
[EventType "swiss"]
[EventRounds "9"]
[EventCountry "ALG"]
[SourceTitle "CBM 165 Extra"]
[Source "ChessBase"]
[SourceDate "2015.04.21"]
[SourceVersion "1"]
[SourceVersionDate "2015.04.21"]
[SourceQuality "1"]

1. e4 c5 2. Nf3 e6 3. d4 cxd4 4. Nxd4 a6 5. c4 Qc7 6. Nc3 d6 7. Be3 Nf6 8. Be2 Be7 9. 0-0 Nbd7 10. Rc1 0-0 11. f4 Re8 12. g4 Nb8 13. g5 Nfd7 14. Bd3 Bf8 15. f5 Ne5 16. Be2 Nbc6 17. b3 Qd8 18. f6 Nb8 19. Qe1 Nbd7 20. Qf2 b6 21. Bh5 g6 22. Be2 Bb7 23. h4 Nc5 24. Qg2 Ra7 25. h5 gxh5 26. b4 Nxe4 27. Nxe4 Qa8 28. g6 Bxe4 29. gxh7+ Kxh7 30. Qg5 Bg6 31. Bxh5 Qe4 32. Rce1 Bxh5 33. Qxh5+ Kg8 34. Rf2 Qh7 35. Rg2+ Ng6 36. Qg5 Bh6 37. Qxh6 Qxh6 38. Bxh6 Rc7 39. Nf5 Kh7 40. Rh2 Ne5 41. Bf4+ Kg6 42. Nxd6 Nf3+ 43. Kf2 Nxe1 44. Rh6# 1-0

[Event "Algiers op 3rd"]
[Site "Algiers"]
[Date "2015.02.23"]
[Round "2"]
[White "Arab, Adlane"]
[Black "Fellah, Mohamed Amine"]
[Result "1-0"]
[WhiteElo "2449"]
[BlackElo "2027"]
[PlyCount "92"]
[EventDate "2015.02.22"]
[EventType "swiss"]
[EventRounds "9"]
[EventCountry "ALG"]
[SourceTitle "CBM 165 Extra"]
[Source "ChessBase"]
[SourceDate "2015.04.21"]
[SourceVersion "1"]
[SourceVersionDate "2015.04.21"]
[SourceQuality "1"]

1. d4 Nf6 2. c4 g6 3. Nc3 d5 4. Nf3 Bg7 5. Bg5 Ne4 6. Bh4 c6 7. e3 0-0 8. Be2 Qd6 9. 0-0 Nd7 10. Nxe4 dxe4 11. Nd2 Qe6 12. c5 Nf6 13. Qc2 Re8 14. b4 Nd5 15. b5 f5 16. bxc6 bxc6 17. Bc4 Kh8 18. Rae1 Qf7 19. f3 exf3 20. Nxf3 Be6 21. Bg3 Nb4 22. Bxe6 Qxe6 23. Qd2 Nd5 24. Ng5 Qf6 25. h4 e6 26. Ne4 Qe7 27. Nd6 Rf8 28. Rb1 Rad8 29. Rb7 Rd7 30. Rfb1 f4 31. Rxd7 Qxd7 32. exf4 Qd8 33. f5 Qf6 34. fxe6 Qxd4+ 35. Qxd4 Bxd4+ 36. Kh1 Bxc5 37. Nf7+ Kg8 38. Rb7 Bd4 39. Nh6+ Kh8 40. Nf7+ Kg8 41. Nd6 Bf6 42. Rxa7 c5 43. Rd7 Ne7 44. Ne4 Nf5 45. Bd6 Nxd6 46. Nxd6 Be5 1-0

[Event "ALG-chT"]
[Site "Staoueli"]
[Date "2014.08.23"]
[Round "4.4"]
[White "Fellah, Mohamed Amine"]
[Black "Dekar, Lies"]
[Result "1-0"]
[WhiteElo "2004"]
[BlackElo "2082"]
[PlyCount "57"]
[EventDate "2014.08.22"]
[EventType "team-swiss"]
[EventRounds "9"]
[EventCountry "ALG"]
[SourceTitle "EXT 2016"]
[Source "ChessBase"]
[SourceDate "2015.10.08"]
[SourceVersion "1"]
[SourceVersionDate "2015.10.08"]
[SourceQuality "1"]
[WhiteTeam "Elhillal Sidi Belabbes"]
[BlackTeam "Akouas Medea"]
[WhiteTeamCountry "ALG"]
[BlackTeamCountry "ALG"]

1. e4 c6 2. d4 d6 3. Nf3 g6 4. Bc4 Bg7 5. Bf4 Nd7 6. 0-0 Nf8 7. Bb3 Qc7 8. e5 Be6 9. c4 0-0-0 10. exd6 exd6 11. c5 Nf6 12. Bxd6 Rxd6 13. cxd6 Qxd6 14. Nbd2 Nh5 15. Ne4 Qf4 16. Neg5 h6 17. Nxe6 Nxe6 18. Bxe6+ fxe6 19. Re1 Qf6 20. Qb3 Nf4 21. Re4 Rd8 22. Rae1 g5 23. g3 Nh3+ 24. Kg2 g4 25. Rxg4 Ng5 26. Nxg5 hxg5 27. Qxe6+ Qxe6 28. Rxe6 Bxd4 29. b3 1-0

[Event "Arab Cities-chT"]
[Site "Monastir"]
[Date "2013.10.31"]
[Round "5.4"]
[White "El Mezwaghi, Husein"]
[Black "Fellah, Mohamed Amine"]
[Result "0-1"]
[WhiteElo "1990"]
[BlackElo "1998"]
[PlyCount "82"]
[EventDate "2013.10.27"]
[EventType "team-swiss"]
[EventRounds "7"]
[EventCountry "TUN"]
[SourceTitle "EXT 2014"]
[Source "ChessBase"]
[SourceDate "2013.11.20"]
[SourceVersion "1"]
[SourceVersionDate "2013.11.20"]
[SourceQuality "1"]
[WhiteTeam "Benghazi"]
[BlackTeam "ASEl Hillel"]
[WhiteTeamCountry "LBY"]
[BlackTeamCountry "ALG"]

1. d4 Nf6 2. c4 e6 3. Nf3 b6 4. Nc3 Bb4 5. Bg5 Bb7 6. e3 h6 7. Bxf6 Qxf6 8. Be2 0-0 9. 0-0 Nc6 10. Qc2 Bxc3 11. Qxc3 Qg6 12. Rad1 Ne7 13. b4 f5 14. Ne1 f4 15. f3 Qg5 16. e4 a5 17. b5 Rae8 18. Qb3 Kh8 19. Nd3 d5 20. Nf2 Rf6 21. Kh1 Rg6 22. Rg1 Qh4 23. Rdf1 Rg5 24. c5 Rh5 25. Ng4 Rf8 26. c6 Bc8 27. h3 Qg3 28. Qd1 Qh4 29. Ne5 Qg3 30. Ng4 e5 31. Qe1 exd4 32. Qxg3 fxg3 33. Rd1 dxe4 34. fxe4 Bxg4 35. Bxg4 Rxb5 36. Rxd4 Nxc6 37. Rd7 Ne5 38. Be2 Rb2 39. Rd5 Nc6 40. Bf3 Rxf3 41. Rgd1 Rff2 0-1

[Event "Arab Cities-chT"]
[Site "Monastir"]
[Date "2013.10.28"]
[Round "2.4"]
[White "Ben Amor, Moez"]
[Black "Fellah, Mohamed Amine"]
[Result "1-0"]
[WhiteElo "2169"]
[BlackElo "1998"]
[PlyCount "69"]
[EventDate "2013.10.27"]
[EventType "team-swiss"]
[EventRounds "7"]
[EventCountry "TUN"]
[SourceTitle "EXT 2014"]
[Source "ChessBase"]
[SourceDate "2013.11.20"]
[SourceVersion "1"]
[SourceVersionDate "2013.11.20"]
[SourceQuality "1"]
[WhiteTeam "La tour Blache"]
[BlackTeam "ASEl Hillel"]
[WhiteTeamCountry "TUN"]
[BlackTeamCountry "ALG"]

1. Nf3 Nf6 2. g3 d5 3. d4 g6 4. Bg2 Bg7 5. 0-0 0-0 6. c4 c6 7. Nc3 Nbd7 8. cxd5 cxd5 9. Qb3 e6 10. Bf4 Nb6 11. Nb5 Ne8 12. Rac1 Nc4 13. Na3 Ned6 14. Nxc4 Nxc4 15. Rfd1 a6 16. Qc3 Nd6 17. Qb4 Nb5 18. a4 Na7 19. Bc7 Qd7 20. Ne5 Bxe5 21. dxe5 Nc6 22. Qb6 a5 23. Bd6 Re8 24. e4 Ra6 25. Qb3 d4 26. Bf1 Ra8 27. Bb5 Qd8 28. Bxc6 bxc6 29. Rxc6 Ra7 30. Rxd4 Qg5 31. Qb8 Bd7 32. Qxa7 Bxc6 33. Qc5 Rc8 34. Be7 Qg4 35. Qxc6 1-0

[Event "ALG-chT"]
[Site "Algiers"]
[Date "2013.08.25"]
[Round "9.3"]
[White "Abdi, Zineb Dina"]
[Black "Fellah, Mohamed Amine"]
[Result "1/2-1/2"]
[WhiteElo "1917"]
[BlackElo "1963"]
[PlyCount "33"]
[EventDate "2013.08.21"]
[EventType "team-swiss"]
[EventRounds "9"]
[EventCountry "ALG"]
[SourceTitle "CBM 156 Extra"]
[Source "ChessBase"]
[SourceDate "2013.10.22"]
[SourceVersion "1"]
[SourceVersionDate "2013.10.22"]
[SourceQuality "1"]
[WhiteTeam "Boloughine OMSE"]
[BlackTeam "Belabbes Elhillal Sidi"]
[WhiteTeamCountry "ALG"]
[BlackTeamCountry "ALG"]

1. e4 c5 2. Nf3 d6 3. d4 cxd4 4. Nxd4 Nf6 5. Nc3 a6 6. Be2 Qc7 7. Be3 e6 8. 0-0 Be7 9. a4 b6 10. f3 Bb7 11. Qe1 Nbd7 12. Rd1 h5 13. Qf2 d5 14. exd5 Bxd5 15. Nxd5 Nxd5 16. c3 Nxe3 17. Qxe3 1/2-1/2

[Event "ALG-ch sf"]
[Site "Sidi Bel Abbes"]
[Date "2013.03.28"]
[Round "3"]
[White "Ferhi, Djamel"]
[Black "Fellah, Mohamed Amine"]
[Result "0-1"]
[WhiteElo "2135"]
[BlackElo "1958"]
[PlyCount "68"]
[EventDate "2013.03.27"]
[EventType "swiss"]
[EventRounds "9"]
[EventCountry "ALG"]
[SourceTitle "CBM 153 Extra"]
[Source "ChessBase"]
[SourceDate "2013.04.22"]
[SourceVersion "1"]
[SourceVersionDate "2013.04.22"]
[SourceQuality "1"]

1. e4 c5 2. Nf3 d6 3. d4 cxd4 4. Nxd4 Nf6 5. Nc3 a6 6. Bc4 e6 7. Bb3 Be7 8. g4 h6 9. a4 Nc6 10. Rg1 Qa5 11. Nxc6 bxc6 12. Bd2 Qe5 13. Qe2 Qxh2 14. 0-0-0 Nd7 15. Rh1 Qe5 16. Rh5 g5 17. f4 Qg7 18. fxg5 hxg5 19. Rdh1 Rg8 20. Nd1 Nf8 21. Bc3 Bf6 22. Ba5 Be5 23. Rh6 Ke7 24. Qc4 c5 25. Kb1 Rb8 26. Ne3 Bb7 27. Rf1 Ng6 28. Rxf7+ Qxf7 29. Nf5+ Kf8 30. Qf1 Bxe4 31. Bxe6 Qxe6 32. Nxd6+ Kg7 33. Nf5+ Bxf5 34. gxf5 Rgf8 0-1